000 00369nam a2200157Ia 4500
008 221030s9999 xx 000 0 und d
020 _a0070660274
041 _aEnglish
082 _a105.23
100 _aA. Mital
245 0 _aCases in Strategic Management
_cby A. Mital
260 _bTMH
_aNew Delhi
_c2010
300 _a221
650 _aCase Study
942 _cBK
999 _c10108
_d10108